Tragique aventure de Bal Masqué / (Record no. 155609)

MARC details
000 -LEADER
campo de control de longitud fija 00753nam a22001935i 4500
001 - NÚMERO DE CONTROL
campo de control 155609
003 - IDENTIFICADOR DE NÚMERO DE CONTROL
campo de control ES-MaACL
005 - FECHA Y HORA DE LA ÚLTIMA TRANSACCIÓN
campo de control 20230906210137.0
008 - DATOS DE LONGITUD FIJA--INFORMACIÓN GENERAL
campo de control de longitud fija 040726q18701900fr a |||| | fre d
040 ## - FUENTE DE CATALOGACIÓN
Centro catalogador/agencia de origen CAM
Lengua de catalogación spa
Centro/agencia transcriptor CAM
100 1# - ENTRADA PRINCIPAL--NOMBRE DE PERSONA
Nombre de persona Houssaye, Arsène.
9 (RLIN) 64354
245 10 - MENCIÓN DEL TÍTULO
Título Tragique aventure de Bal Masqué /
Mención de responsabilidad, etc. Arséne Houssaye.
260 ## - PUBLICACIÓN, DISTRIBUCIÓN, ETC.
Lugar de publicación, distribución, etc. Paris :
Nombre del editor, distribuidor, etc. E. Dentu libraire-éditeur,
Fecha de publicación, distribución, etc. [s.a.] (
Fabricante Imprimerie Alcan-Lévy)
300 ## - DESCRIPCIÓN FÍSICA
Extensión 282 p., [1] h. de lám. ;
Dimensiones 18 cm.
500 ## - NOTA GENERAL
Nota general Cabeceras e iniciales grabadas ; marca tip. en la portada.
596 ## - NOTA AL PIE DE IMPRENTA
NOTA AL PIE DE IMPRENTA Probablemente impreso en el último cuarto del siglo XIX.
599 ## - NOTA A LAS ILUSTRACIONES
NOTA A LAS ILUSTRACIONES La h. de lám. grab. calc. retrato de una dama: "Imp. Ch. Chardon, Paris"
852 ## - LOCALIZACIÓN
Ubicación ES-MaACL
Número de control de estantería G-10288
Nota libre -- Enc. hol.
Holdings
Estatus retirado Estado de pérdida Estado de daño No para préstamo Biblioteca de origen Biblioteca actual Ubicación en estantería Fecha de adquisición Fuente de adquisición Total de préstamos Signatura topográfica completa Código de barras Visto por última vez Precio de reemplazo Tipo de ítem Koha
        Biblioteca del Ateneo de Madrid Biblioteca del Ateneo de Madrid Sala Pecera Planta 3 17/01/2008     G-10288 1162770 23/02/2023 23/02/2023 Libro impreso